Loading...
| Current Events | 1 | 10.00 | 0% | 100% | 0% |
| Fine Arts - Classical Music | 3 | 10.00 | 100% | 0% | 0% |
| Fine Arts - Other Fine Arts | 4 | 17.50 | 50% | 100% | 25% |
| Fine Arts - Painting and Sculpture | 4 | 15.00 | 100% | 50% | 0% |
| Geography | 1 | 10.00 | 100% | 0% | 0% |
| History - American History | 3 | 6.67 | 67% | 0% | 0% |
| History - European History | 5 | 8.00 | 80% | 0% | 0% |
| History - Other History | 5 | 8.00 | 80% | 0% | 0% |
| History - World History | 1 | 0.00 | 0% | 0% | 0% |
| Literature - British Literature | 2 | 10.00 | 100% | 0% | 0% |
| Literature - European Literature | 2 | 5.00 | 50% | 0% | 0% |
| Literature - World Literature | 3 | 13.33 | 100% | 0% | 33% |
| Mythology | 6 | 15.00 | 100% | 33% | 17% |
| Other Academic | 1 | 20.00 | 100% | 100% | 0% |
| Philosophy | 5 | 8.00 | 80% | 0% | 0% |
| Religion | 1 | 10.00 | 100% | 0% | 0% |
| Science - Biology | 5 | 8.00 | 80% | 0% | 0% |
| Science - Chemistry | 4 | 5.00 | 50% | 0% | 0% |
| Science - Other Science | 1 | 20.00 | 100% | 100% | 0% |
| Science - Physics | 3 | 10.00 | 100% | 0% | 0% |
| Social Science | 3 | 13.33 | 100% | 0% | 33% |